Tư duy biện chứng của Hồ Chí Minh trong tác phẩm sử đổi lối làm việc /

Kaydedildi:
Detaylı Bibliyografya
Yazar: Lê Thế Lạng, PGS.
Materyal Türü: Makale
Dil:Vietnamese
Konular:
Etiketler: Etiketle
Etiket eklenmemiş, İlk siz ekleyin!
Thư viện lưu trữ: Thư viện Trường Đại học Đà Lạt
LEADER 00818nam a2200265 4500
001 DLU090083592
005 ##20091021
040 # # |a DLU  |b vie 
041 # # |a vie 
044 # # |a vn 
100 # # |a Lê Thế Lạng,   |c PGS. 
245 # # |a Tư duy biện chứng của Hồ Chí Minh trong tác phẩm sử đổi lối làm việc /  |c Lê Thế Lạng. 
653 # # |a Phép biện chứng 
653 # # |a Quản lí nhà nước 
653 # # |a Tư duy lí luận 
773 # # |t Tạp chí Lịch sử Đảng  |g Số 10(215), 2008, tr. 24-27 
920 # # |a Phòng Tạp chí -- Trung tâm Thông tin - Thư viện Trường Đại học Đà Lạt 
994 # # |a DLU 
900 # # |a True 
911 # # |a Nguyễn Thị Linh Chi 
925 # # |a G 
926 # # |a A 
927 # # |a BB 
980 # # |a Thư viện Trường Đại học Đà Lạt